| 000 | 00418nam a2200121 4500 | ||
|---|---|---|---|
| 245 | _aIntroduction to quantitative analysis in human geography | ||
| 250 | _arev. ed. | ||
| 260 |
_aNew York _bMcGraw-Hill _cc1974 |
||
| 300 | _axiv,300p.;23cm. | ||
| 490 | _aMcGraw-Hill series in goegraphy | ||
| 500 | _aPublished in 1968 under title : An introduction to quantitative analysis in economic geography | ||
| 082 |
_a330.9 _bYEA |
||
| 999 |
_c3441 _d3441 |
||